000
00253nam a2200097Ia 4500
008
170619s9999 xx 000 0 und d
100
_a
Rao Singiresus
245
0
_a
Engineering optimization ; Theory and practice
260
_b
New Delhi; New Age
260
_c
2004
546
_a
ENGLISH
999
_c
18034
_d
18034